[Event "Hessen-ch Seniors op 11th"]
[Site "Bad Sooden-Allendorf"]
[Date "2015.05.14"]
[Round "6"]
[White "Winkler, Werner"]
[Black "Tomas, Johann"]
[Result "1/2-1/2"]
[WhiteElo "1563"]
[BlackElo "1850"]
[PlyCount "88"]
[EventDate "2015.05.09"]
[EventType "swiss"]
[EventRounds "9"]
[EventCountry "GER"]
[SourceTitle "EXT 2018"]
[Source "ChessBase"]
[SourceDate "2017.10.13"]
[SourceVersion "1"]
[SourceVersionDate "2017.10.13"]
[SourceQuality "1"]

1. e4 c5 2. Nc3 e6 3. Bc4 a6 4. a3 b5 5. Be2 Bb7 6. Bf3 Ne7 7. d3 Ng6 8. g3 Be7 9. Bg2 0-0 10. Nh3 f5 11. 0-0 Ra7 12. exf5 Rxf5 13. Bxb7 Rxb7 14. Qe2 Nc6 15. Be3 d5 16. d4 cxd4 17. Bxd4 Nxd4 18. Qd3 Bf6 19. Ne2 Nf3+ 20. Kh1 Bxb2 21. Rad1 Nge5 22. Qb3 Nc4 23. Qb4 Bxa3 24. Qc3 Qe7 25. Nhf4 Ng5 26. Nd4 Rxf4 27. gxf4 Ne4 28. Qh3 Rb6 29. f5 e5 30. Ne6 Rd6 31. f3 Ng5 32. Nxg5 Qxg5 33. Rg1 Qf6 34. Qh5 Bc5 35. Rg3 Ne3 36. Qe8+ Qf8 37. Rxg7+ Kxg7 38. Rg1+ Rg6 39. Rxg6+ hxg6 40. Qxg6+ Kh8 41. Qh5+ Kg8 42. Qg6+ Qg7 43. Qe8+ Bf8 44. Qe6+ Kh8 1/2-1/2

[Event "Hessen-ch Seniors op 10th"]
[Site "Bad Sooden-Allendorf"]
[Date "2014.04.28"]
[Round "3"]
[White "Tomas, Johann"]
[Black "Luebbers, Doris"]
[Result "1-0"]
[WhiteElo "1855"]
[BlackElo "1555"]
[PlyCount "98"]
[EventDate "2014.04.26"]
[EventType "swiss"]
[EventRounds "9"]
[EventCountry "GER"]
[SourceTitle "EXT 2018"]
[Source "ChessBase"]
[SourceDate "2017.10.13"]
[SourceVersion "1"]
[SourceVersionDate "2017.10.13"]
[SourceQuality "1"]

1. d4 d5 2. Nc3 Nf6 3. g3 e6 4. a3 b6 5. Bg2 Bb7 6. Nf3 Nbd7 7. b4 Be7 8. 0-0 0-0 9. Re1 Re8 10. Bf4 a6 11. Qc1 Nf8 12. h3 Bd6 13. Bg5 Be7 14. Nh2 h6 15. Bd2 c5 16. bxc5 bxc5 17. e3 Rc8 18. Ne2 Ng6 19. c3 Ne4 20. Bxe4 dxe4 21. Rd1 Rc7 22. c4 Qa8 23. Ba5 Rcc8 24. Rb1 Kf8 25. Bc3 Kg8 26. Qb2 Rb8 27. Qa1 cxd4 28. Bxd4 Bf8 29. Ng4 e5 30. Bb6 Kh7 31. Rd7 f6 32. Nxf6+ Kh8 33. Nxe8 Rxe8 34. Ba5 Bc6 35. Rd2 Kh7 36. Bb4 Be7 37. Bxe7 Rxe7 38. Rdb2 Qa7 39. Rb6 Ba4 40. Qb2 Be8 41. Qc2 Qa8 42. Rb8 Qc6 43. R1b6 Qa4 44. Qxa4 Bxa4 45. Rxa6 Bd1 46. Nc3 Bc2 47. Rbb6 Nh8 48. Nd5 Rd7 49. Rd6 Rb7 1-0

[Event "Hessen-ch Seniors op 09th"]
[Site "Bad Sooden-Allendorf"]
[Date "2013.04.25"]
[Round "6"]
[White "Tomas, Johann"]
[Black "Luebbers, Doris"]
[Result "1-0"]
[WhiteElo "1857"]
[BlackElo "1534"]
[PlyCount "87"]
[EventDate "2013.04.20"]
[EventType "swiss"]
[EventRounds "9"]
[EventCountry "GER"]
[SourceTitle "EXT 2019"]
[Source "ChessBase"]
[SourceDate "2018.10.10"]
[SourceVersion "1"]
[SourceVersionDate "2018.10.10"]
[SourceQuality "1"]

1. d4 d5 2. e3 Nf6 3. c4 e6 4. a3 b6 5. b4 Be7 6. Bb2 0-0 7. Nf3 Bb7 8. c5 Nbd7 9. Bd3 Ne4 10. Qc2 c6 11. Bxe4 dxe4 12. Qxe4 Nf6 13. Qd3 Qc7 14. 0-0 Rad8 15. Qc2 b5 16. Nc3 Bc8 17. Ne2 Nd5 18. Ng3 f5 19. Ne2 Bf6 20. Rad1 g6 21. Rfe1 Qg7 22. Nc1 Rfe8 23. Nd3 Qc7 24. Nfe5 Bxe5 25. Nxe5 Qb7 26. Ra1 Qc7 27. Qe2 Bb7 28. Qf3 Rf8 29. Qg3 Qe7 30. f4 Nf6 31. Qh4 Rde8 32. a4 a6 33. axb5 axb5 34. Ra7 Ra8 35. Rea1 Qc7 36. Rxa8 Bxa8 37. Rxa8 Rxa8 38. Qxf6 Re8 39. h3 Qb7 40. Bc3 Qc7 41. Be1 Qb7 42. Bh4 Qc7 43. Bg5 Qb7 44. Bh6 1-0

[Event "Hessen-ch Seniors op 09th"]
[Site "Bad Sooden-Allendorf"]
[Date "2013.04.22"]
[Round "3"]
[White "Goertz, Hans Georg"]
[Black "Tomas, Johann"]
[Result "1-0"]
[WhiteElo "2012"]
[BlackElo "1857"]
[PlyCount "80"]
[EventDate "2013.04.20"]
[EventType "swiss"]
[EventRounds "9"]
[EventCountry "GER"]
[SourceTitle "EXT 2019"]
[Source "ChessBase"]
[SourceDate "2018.10.10"]
[SourceVersion "1"]
[SourceVersionDate "2018.10.10"]
[SourceQuality "1"]

1. d4 c6 2. c4 d6 3. Nc3 Nd7 4. e4 e6 5. Nf3 h6 6. Bd3 Be7 7. 0-0 Bg5 8. Qe2 Bxc1 9. Raxc1 Ne7 10. h3 0-0 11. Nh2 Ng6 12. f4 Nf6 13. Rcd1 Qb6 14. Bb1 e5 15. c5 dxc5 16. dxe5 Ne8 17. a3 Qa5 18. Qf2 b6 19. Qg3 Ba6 20. Rf2 c4 21. e6 Ne7 22. Rd7 Bc8 23. Rxe7 Bxe6 24. f5 Qc5 25. Rxe8 Raxe8 26. fxe6 Rxe6 27. Ng4 Kh8 28. e5 b5 29. Ne4 Qb6 30. Nd6 Qd4 31. Kh2 Re7 32. Nf5 Qd8 33. Ngxh6 g6 34. Nxe7 Qxe7 35. Ng4 Rd8 36. Nf6 Kg7 37. Qg5 Qc7 38. Nh5+ Kh7 39. Qf6 Kh6 40. Nf4 Rg8 1-0

[Event "Hessen-ch Seniors op 08th"]
[Site "Bad Sooden-Allendorf"]
[Date "2012.04.20"]
[Round "7"]
[White "Mittelstaedt, Ewald"]
[Black "Tomas, Johann"]
[Result "0-1"]
[WhiteElo "1652"]
[BlackElo "1912"]
[PlyCount "116"]
[EventDate "2012.04.14"]
[EventType "swiss"]
[EventRounds "9"]
[EventCountry "GER"]
[SourceTitle "EXT 2019"]
[Source "ChessBase"]
[SourceDate "2018.10.10"]
[SourceVersion "1"]
[SourceVersionDate "2018.10.10"]
[SourceQuality "1"]

1. d4 d5 2. Nf3 Nd7 3. Bf4 c6 4. Nbd2 e6 5. e3 Ndf6 6. h3 Bd6 7. Be5 Bxe5 8. Nxe5 Nd7 9. Ndf3 f6 10. Nd3 Ne7 11. Be2 0-0 12. 0-0 Ng6 13. Nh2 e5 14. Ne1 e4 15. c4 a6 16. Qb3 Qb6 17. Qa3 f5 18. b3 Nf6 19. f4 Be6 20. Qd6 Rfe8 21. Nc2 Bf7 22. Qb4 Qxb4 23. Nxb4 dxc4 24. Bxc4 Nd5 25. Nxd5 cxd5 26. Be2 Rac8 27. Rac1 Ne7 28. g4 g6 29. g5 Nc6 30. a3 Na5 31. Rb1 Rc3 32. b4 Nc4 33. Bxc4 dxc4 34. Rfe1 Rxa3 35. Nf1 b5 36. Ra1 Rxa1 37. Rxa1 Ra8 38. Ra3 Bd5 39. Kf2 Kf7 40. Ke1 Ke7 41. Kd2 Kd6 42. Kc3 Kc6 43. Ng3 Kb6 44. Ra5 Rh8 45. h4 h6 46. Ra2 hxg5 47. hxg5 Rh3 48. Rg2 Bf7 49. Kb2 a5 50. bxa5+ Kxa5 51. Ka1 c3 52. Kb1 b4 53. Kc2 Ka4 54. Nf1 Bb3+ 55. Kc1 Rh1 56. Rf2 Bc4 57. Kc2 Bd3+ 58. Kc1 Bxf1 0-1

[Event "Hessen-ch Seniors op 08th"]
[Site "Bad Sooden-Allendorf"]
[Date "2012.04.17"]
[Round "4"]
[White "Tomas, Johann"]
[Black "Mentel, Juergen"]
[Result "0-1"]
[WhiteElo "1912"]
[BlackElo "2056"]
[PlyCount "23"]
[EventDate "2012.04.14"]
[EventType "swiss"]
[EventRounds "9"]
[EventCountry "GER"]
[SourceTitle "EXT 2019"]
[Source "ChessBase"]
[SourceDate "2018.10.10"]
[SourceVersion "1"]
[SourceVersionDate "2018.10.10"]
[SourceQuality "1"]

1. e4 d6 2. d4 Nf6 3. Nc3 c6 4. Bd3 e5 5. dxe5 dxe5 6. Bg5 Be7 7. Nge2 Nbd7 8. 0-0 0-0 9. Be3 Nc5 10. a3 Ng4 11. Qd2 Nxe3 12. Qxe3 0-1

[Event "Hessen-ch Seniors op 08th"]
[Site "Bad Sooden-Allendorf"]
[Date "2012.04.16"]
[Round "3"]
[White "Lenk, Wolfgang"]
[Black "Tomas, Johann"]
[Result "1-0"]
[WhiteElo "2221"]
[BlackElo "1912"]
[PlyCount "74"]
[EventDate "2012.04.14"]
[EventType "swiss"]
[EventRounds "9"]
[EventCountry "GER"]
[SourceTitle "EXT 2019"]
[Source "ChessBase"]
[SourceDate "2018.10.10"]
[SourceVersion "1"]
[SourceVersionDate "2018.10.10"]
[SourceQuality "1"]

1. e4 e5 2. Nf3 d6 3. d4 exd4 4. Nxd4 Bd7 5. Bc4 c5 6. Nb5 Bxb5 7. Bxb5+ Nc6 8. 0-0 Qb6 9. Nc3 Nf6 10. a4 0-0-0 11. Bg5 a6 12. Nd5 Qa7 13. Bxc6 bxc6 14. Nxf6 h6 15. Bh4 Be7 16. Nh5 Bxh4 17. Qg4+ Qd7 18. Qxh4 g5 19. Qh3 g4 20. Qd3 Kb7 21. Ra3 Qe6 22. Qb3+ Qxb3 23. Rxb3+ Ka7 24. Rd1 c4 25. Rc3 d5 26. g3 Rhe8 27. exd5 cxd5 28. Nf4 Kb6 29. Rxd5 Rxd5 30. Nxd5+ Kc5 31. Ne3 Re4 32. b3 Kb4 33. Rxc4+ Rxc4 34. Nxc4 Kc3 35. Ne3 h5 36. Kf1 f5 37. Ke2 a5 1-0

[Event "Hessen-ch Seniors op 07th"]
[Site "Bad Sooden-Allendorf"]
[Date "2011.05.07"]
[Round "8"]
[White "Van Houten, Henk"]
[Black "Tomas, Johann"]
[Result "0-1"]
[WhiteElo "1583"]
[BlackElo "1642"]
[PlyCount "93"]
[EventDate "2011.04.30"]
[EventType "swiss"]
[EventRounds "9"]
[EventCountry "GER"]
[SourceTitle "EXT 2012"]
[Source "ChessBase"]
[SourceDate "2011.11.24"]
[SourceVersion "1"]
[SourceVersionDate "2011.11.24"]
[SourceQuality "1"]

1. b3 e5 2. Bb2 d6 3. c4 Nf6 4. e3 Be6 5. a3 Be7 6. Nc3 c6 7. d4 exd4 8. exd4 0-0 9. Qc2 g6 10. Nf3 Bf5 11. Bd3 Bxd3 12. Qxd3 Nh5 13. Bc1 Bf6 14. 0-0 Re8 15. Be3 Nd7 16. Ra2 Qc7 17. g4 Ng7 18. Ne4 d5 19. Ng3 Qd6 20. c5 Qc7 21. Qd2 Be7 22. Bf4 Qc8 23. h3 Nf6 24. Ne5 Bf8 25. f3 Nd7 26. b4 f6 27. Nd3 Ne6 28. Be3 Bg7 29. Qf2 Rf8 30. Nf4 Nxf4 31. Bxf4 Re8 32. Re1 Nf8 33. Rxe8 Qxe8 34. Re2 Qd7 35. Qe1 Kf7 36. Kf2 Ne6 37. Be3 Re8 38. Qd2 Nc7 39. a4 Ne6 40. f4 Bh6 41. Kf3 b6 42. Qd3 bxc5 43. bxc5 Nf8 44. Qb3 Qe7 45. Bd2 Ne6 46. Qe3 Ng5+ 47. fxg5 0-1

[Event "Hessen-ch Seniors op 05th"]
[Site "Bad Sooden-Allendorf"]
[Date "2009.04.29"]
[Round "5"]
[White "Haase, Wolfgang"]
[Black "Tomas, Johann"]
[Result "1-0"]
[WhiteElo "1973"]
[BlackElo "1624"]
[PlyCount "64"]
[EventDate "2009.04.25"]
[EventType "swiss"]
[EventRounds "9"]
[EventCountry "GER"]
[SourceTitle "EXT 2022"]
[Source "ChessBase"]
[SourceDate "2021.10.06"]
[SourceVersion "1"]
[SourceVersionDate "2021.10.06"]
[SourceQuality "1"]

1. d4 e6 2. Nd2 Nf6 3. e4 c6 4. e5 Nd5 5. Ne4 Be7 6. Nf3 0-0 7. Bd3 f5 8. exf6 Nxf6 9. Ng3 b5 10. 0-0 Ba6 11. Qe2 Bb7 12. a4 bxa4 13. Rxa4 a5 14. Bd2 c5 15. dxc5 Bxc5 16. Ng5 Nc6 17. N3e4 Nxe4 18. Qxe4 g6 19. Nxh7 Ne7 20. Qxb7 Kxh7 21. Rh4+ Kg8 22. Qe4 Nf5 23. Rg4 Kh7 24. Qf3 Qe8 25. Qh3+ Kg8 26. Bc3 e5 27. Qh5 Ng7 28. Bc4+ Rf7 29. Qxg6 Bf8 30. Rh4 Bc5 31. Bxe5 d5 32. Bxd5 Raa7 1-0

[Event "Hessen-ch Seniors op 05th"]
[Site "Bad Sooden-Allendorf"]
[Date "2009.04.26"]
[Round "2"]
[White "Tomas, Johann"]
[Black "Fritsche, Rainer"]
[Result "1-0"]
[WhiteElo "1624"]
[BlackElo "1378"]
[PlyCount "105"]
[EventDate "2009.04.25"]
[EventType "swiss"]
[EventRounds "9"]
[EventCountry "GER"]
[SourceTitle "EXT 2022"]
[Source "ChessBase"]
[SourceDate "2021.10.06"]
[SourceVersion "1"]
[SourceVersionDate "2021.10.06"]
[SourceQuality "1"]

1. e4 c5 2. Bc4 d6 3. Nc3 Nf6 4. d3 e6 5. a3 Nc6 6. Nge2 Be7 7. 0-0 a6 8. Ng3 0-0 9. Be3 b5 10. Ba2 Re8 11. Qf3 Rf8 12. e5 d5 13. exf6 Bxf6 14. Bxc5 Re8 15. Rab1 Qc7 16. d4 Nxd4 17. Bxd4 Bxd4 18. Nce2 Be5 19. c3 Bb7 20. Qd3 g6 21. Nd4 Bg7 22. Rfe1 Qb6 23. Nc2 a5 24. Qe3 Qxe3 25. Rxe3 Rec8 26. Rd1 Rc7 27. h3 b4 28. axb4 axb4 29. Nxb4 Bf8 30. Bb1 Bxb4 31. cxb4 Rb8 32. Rc3 Rd7 33. Bd3 Kg7 34. Rdc1 Ba8 35. b5 e5 36. Rc8 Rxc8 37. Rxc8 Bb7 38. Rc5 f5 39. b6 e4 40. Bb5 Re7 41. Rc7 Kf8 42. Rxe7 Kxe7 43. Ne2 Kd6 44. b4 Ke5 45. g3 g5 46. Kf1 d4 47. Ke1 h6 48. Be8 f4 49. b5 e3 50. fxe3 dxe3 51. Bc6 f3 52. Bxb7 f2+ 53. Kf1 1-0

[Event "Hessen-ch Seniors op 04th"]
[Site "Bad Sooden-Allendorf"]
[Date "2008.04.29"]
[Round "6"]
[White "Tomas, Johann"]
[Black "Lisek, Irma"]
[Result "1-0"]
[WhiteElo "1608"]
[BlackElo "1400"]
[PlyCount "71"]
[EventDate "2008.04.24"]
[EventType "swiss"]
[EventRounds "9"]
[EventCountry "GER"]
[SourceTitle "EXT 2022"]
[Source "ChessBase"]
[SourceDate "2021.10.06"]
[SourceVersion "1"]
[SourceVersionDate "2021.10.06"]
[SourceQuality "1"]

1. e4 e5 2. Ne2 d5 3. exd5 Nf6 4. Ng3 Nxd5 5. Qe2 Bd6 6. d3 Be6 7. Bd2 Nd7 8. Nc3 0-0 9. Nge4 Re8 10. 0-0-0 Nxc3 11. Nxc3 Nf6 12. Kb1 c6 13. Bg5 h6 14. Bh4 Bf5 15. f3 g5 16. Be1 Kg7 17. g4 Bg6 18. h4 gxh4 19. Bxh4 Rh8 20. Bg2 Qc7 21. Bxf6+ Kxf6 22. Ne4+ Bxe4 23. fxe4 Ke7 24. Qe3 c5 25. Rxh6 Rxh6 26. Qxh6 Rf8 27. g5 Kd8 28. Bh3 Qe7 29. Rf1 Rg8 30. Rf6 Kc7 31. c3 a6 32. Qh5 Rg7 33. Qg4 Kb6 34. Qh5 Kc7 35. Bf5 Kb6 36. Qh6 1-0

[Event "Hessen-ch Seniors op 04th"]
[Site "Bad Sooden-Allendorf"]
[Date "2008.04.26"]
[Round "3"]
[White "Barlo, Werner"]
[Black "Tomas, Johann"]
[Result "1-0"]
[WhiteElo "1763"]
[BlackElo "1608"]
[PlyCount "153"]
[EventDate "2008.04.24"]
[EventType "swiss"]
[EventRounds "9"]
[EventCountry "GER"]
[SourceTitle "EXT 2022"]
[Source "ChessBase"]
[SourceDate "2021.10.06"]
[SourceVersion "1"]
[SourceVersionDate "2021.10.06"]
[SourceQuality "1"]

1. d4 e6 2. e4 c6 3. Nf3 d6 4. Bd3 Nd7 5. 0-0 Qc7 6. c4 Ne7 7. Nc3 Ng6 8. Be3 a6 9. Qc2 Be7 10. Rac1 Nf6 11. h3 Bd7 12. Rfe1 e5 13. dxe5 dxe5 14. Na4 0-0 15. Nb6 Rad8 16. Na4 Qc8 17. Nb6 Qb8 18. c5 Be6 19. b4 Nh5 20. Bc4 Bc8 21. Rcd1 Nhf4 22. Rxd8 Bxd8 23. Rd1 Be7 24. Kh2 Kh8 25. Qb3 f5 26. g3 fxe4 27. Ng1 Nh5 28. Nd7 Bxd7 29. Rxd7 Nf6 30. Rd2 Rd8 31. Qd1 Rxd2 32. Qxd2 Qd8 33. Qxd8+ Bxd8 34. Be6 Nd5 35. Bd2 b6 36. Bc8 a5 37. a3 axb4 38. axb4 bxc5 39. bxc5 h6 40. Bf5 Nf8 41. Ne2 Be7 42. Bxe4 Bxc5 43. Kg2 Ne6 44. Bf5 Nd4 45. Bd3 Nxe2 46. Bxe2 g5 47. Bg4 Kg7 48. Bd7 Ne7 49. Bc3 Bd6 50. Kf3 Kf7 51. Bb2 c5 52. Ke4 Ng6 53. Kd5 Ke7 54. Bf5 Nh8 55. Bxe5 Bxe5 56. Kxe5 Nf7+ 57. Kd5 Nd6 58. Bc2 c4 59. f3 c3 60. Kd4 Nb5+ 61. Kc4 Na3+ 62. Kxc3 Nxc2 63. Kxc2 Ke6 64. Kd3 Ke5 65. Ke3 h5 66. f4+ gxf4+ 67. gxf4+ Kf5 68. Kf3 Kf6 69. Ke4 Ke6 70. h4 Kf6 71. f5 Kf7 72. Ke5 Ke7 73. f6+ Kf7 74. Kf5 Kf8 75. Kg6 Kg8 76. Kxh5 Kf7 77. Kg5 1-0

[Event "Hessen-ch Seniors op 03rd"]
[Site "Bad Sooden-Allendorf"]
[Date "2007.05.04"]
[Round "7"]
[White "Tomas, Johann"]
[Black "Homes, Helmut"]
[Result "0-1"]
[WhiteElo "1572"]
[BlackElo "1742"]
[PlyCount "82"]
[EventDate "2007.04.27"]
[EventType "swiss"]
[EventRounds "9"]
[EventCountry "GER"]
[SourceTitle "EXT 2022"]
[Source "ChessBase"]
[SourceDate "2021.10.06"]
[SourceVersion "1"]
[SourceVersionDate "2021.10.06"]
[SourceQuality "1"]

1. e4 e5 2. Nf3 Nc6 3. d4 exd4 4. Nxd4 Bc5 5. Nxc6 Qf6 6. Qe2 Qxc6 7. c3 Nf6 8. Nd2 0-0 9. Qf3 Re8 10. Bd3 d5 11. e5 Rxe5+ 12. Kf1 Bg4 13. Qg3 Rae8 14. Nf3 Bxf3 15. gxf3 Re1+ 16. Kg2 Rxh1 17. Kxh1 d4 18. Bd2 Bd6 19. Qh3 g6 20. Rg1 Be5 21. c4 a6 22. b3 b5 23. Rg2 Kh8 24. Bg5 Nh5 25. Be4 Qd6 26. Bd3 Bf4 27. Rg4 Re1+ 28. Bf1 Bxg5 29. Rxg5 Nf4 30. Qc8+ Kg7 31. Rg1 d3 32. c5 Qxc5 33. Qg4 Ne2 34. Bxe2 Rxg1+ 35. Qxg1 dxe2 36. Qe1 Qc2 37. Kg2 h5 38. f4 Qd1 39. Qc3+ Kh7 40. Qf6 Qd5+ 41. f3 e1Q 0-1

[Event "Hessen-ch Seniors op 03rd"]
[Site "Bad Sooden-Allendorf"]
[Date "2007.05.01"]
[Round "4"]
[White "Juckschat, Paul"]
[Black "Tomas, Johann"]
[Result "1-0"]
[WhiteElo "1805"]
[BlackElo "1572"]
[PlyCount "95"]
[EventDate "2007.04.27"]
[EventType "swiss"]
[EventRounds "9"]
[EventCountry "GER"]
[SourceTitle "EXT 2022"]
[Source "ChessBase"]
[SourceDate "2021.10.06"]
[SourceVersion "1"]
[SourceVersionDate "2021.10.06"]
[SourceQuality "1"]

1. d4 e6 2. c4 Be7 3. e4 c6 4. Nc3 b6 5. Bd3 Bb7 6. Nge2 d6 7. 0-0 Nd7 8. f4 Qc7 9. Be3 f6 10. Ng3 Nh6 11. Qh5+ Nf7 12. Qg4 Nf8 13. Rac1 g6 14. d5 h5 15. Qf3 e5 16. dxc6 Bxc6 17. Nd5 Bxd5 18. cxd5 Qb7 19. f5 h4 20. Ne2 g5 21. Bb5+ Nd7 22. Bc6 Qb8 23. Rc2 Nd8 24. Bxa8 Qxa8 25. Rfc1 Qb7 26. Nc3 Qa6 27. b4 Qd3 28. Bf2 Qxf3 29. gxf3 Rg8 30. h3 a6 31. Na4 b5 32. Nb6 Nxb6 33. Bxb6 Kd7 34. Rc7+ Ke8 35. Ra7 Rf8 36. Rxa6 Nf7 37. Ra8+ Bd8 38. Bxd8 Nxd8 39. Rc7 Rg8 40. Rb7 Rf8 41. Rxb5 Rf7 42. Rbb8 Rd7 43. Kf2 Ke7 44. Rxd8 Rxd8 45. Rxd8 Kxd8 46. Ke3 Kc7 47. Kd3 Kb6 48. Kc4 1-0

[Event "Hessen-ch Seniors op 02nd"]
[Site "Bad Sooden-Allendorf"]
[Date "2006.05.07"]
[Round "6"]
[White "Tomas, Johann"]
[Black "Jobski, Werner"]
[Result "1-0"]
[WhiteElo "1571"]
[BlackElo "1599"]
[PlyCount "105"]
[EventDate "2006.04.25"]
[EventType "swiss"]
[EventRounds "9"]
[EventCountry "GER"]
[SourceTitle "EXT 2007"]
[Source "ChessBase"]
[SourceDate "2006.11.23"]
[SourceVersion "1"]
[SourceVersionDate "2006.11.23"]
[SourceQuality "1"]

1. d4 Nf6 2. Nc3 d5 3. Nf3 Nc6 4. e3 g6 5. Bd3 Bg7 6. h3 0-0 7. 0-0 Nb4 8. Be2 Bf5 9. Bd3 Qd7 10. Ne5 Qe6 11. a3 Nxd3 12. cxd3 c6 13. Ne2 Qd6 14. Ng3 Bc8 15. Bd2 Nd7 16. Bb4 Qe6 17. f4 Nxe5 18. dxe5 f5 19. Ne2 a5 20. Bc5 Qd7 21. b4 Qc7 22. Bd4 Bd7 23. Rc1 b6 24. Qb3 a4 25. Qxd5+ e6 26. Qc4 Rfc8 27. Qc2 Bf8 28. e4 c5 29. Bb2 Qb7 30. bxc5 Bxc5+ 31. Kh1 Be3 32. Qb1 Bxc1 33. Bxc1 Qa6 34. exf5 gxf5 35. Rf3 Kf7 36. Qb4 Rc2 37. Qd6 Qb7 38. Rf2 Rac8 39. Kg1 Bc6 40. g4 Bd5 41. g5 h6 42. h4 hxg5 43. fxg5 b5 44. Be3 Rh8 45. g6+ Kg7 46. Bg5 Rcc8 47. Bf6+ Kxg6 48. Nf4+ Kf7 49. Bxh8 Rxh8 50. h5 Rg8+ 51. Ng6 Rc8 52. Kh2 Rc1 53. Qf8# 1-0

[Event "Hessen-ch Seniors op 01st"]
[Site "Bad Sooden-Allendorf"]
[Date "2005.04.27"]
[Round "6"]
[White "Tomas, Johann"]
[Black "Pannenbaecker, Hermann Josef"]
[Result "1/2-1/2"]
[WhiteElo "1453"]
[BlackElo "1592"]
[PlyCount "63"]
[EventDate "2005.04.22"]
[EventType "swiss"]
[EventRounds "9"]
[EventCountry "GER"]
[SourceTitle "EXT 2007"]
[Source "ChessBase"]
[SourceDate "2006.11.23"]
[SourceVersion "1"]
[SourceVersionDate "2006.11.23"]
[SourceQuality "1"]

1. e4 e5 2. c4 Nf6 3. Nc3 Nc6 4. Nge2 Bc5 5. h3 d6 6. a3 a6 7. d3 0-0 8. Bg5 h6 9. Bh4 Be6 10. Qc1 Nd4 11. Nxd4 Bxd4 12. Be2 Kh7 13. Nd5 g5 14. Bg3 c6 15. Ne3 Qd7 16. Rb1 Ne8 17. Bg4 Ng7 18. Qd2 f5 19. exf5 Nxf5 20. Nxf5 Bxf5 21. Bxf5+ Qxf5 22. 0-0 Rf7 23. Rbe1 Raf8 24. Re2 Kg6 25. Kh1 b5 26. f3 d5 27. b3 bxc4 28. bxc4 Rb8 29. Rd1 dxc4 30. dxc4 Rb1 31. Rxb1 Qxb1+ 32. Re1 1/2-1/2